Statistiques concernant Retrouvez les rimes de Je ne suis pas bien portant.

Cliquez ici pour prendre le quiz!

Statistiques générales

  • Ce quiz a été pris 8 fois
  • Le résultat moyen est 17 sur 69

Statistiques - réponses

ParolesMot manquant1ère lettre% Correct
L'estomac
Bien trop ...
basb
80%
J'ai la rate
Qui s'...
dilated
80%
J'ai la rate
Qui s'...
dilated
80%
J'ai le foie
Qu'est pas...
droitd
80%
J'ai le foie
Qu'est pas...
droitd
80%
J'ai le droit
Qu'est pas...
droitd
80%
Et les côtes
Bien trop ...
hautesh
80%
J'ai l'pylore
Qui s'...
colorec
60%
J'ai les seins
Sous l'...
bassinb
40%
Et l'sacrum
C'est tout ...
commec
40%
J'ai l'fémur
Qu'est trop...
durd
40%
(...)Avec un' charmant' demoiselle
Je devais m'marier par amour.
Mais un soir comm' j'étais près d'...
ellee
40%
Les mollets
Trop...
épaisé
40%
J'ai les reins
Bien trop ...
finsf
40%
Les boyaux
Bien trop ...
grosg
40%
J'ai l'palais
Qu'est pas...
laidl
40%
Les poumons
Tout en...
longl
40%
J'ai l'menton
Qu'est trop...
longl
40%
Dans les yeux
C'est pas...
mieuxm
40%
J'ai les g'noux
Qui sont...
mousm
40%
Les molaires
S'font la...
pairep
40%
(...) En plus d'ça
J'vous l'cach'...
pasp
40%
Ah! bon Dieu! qu'c'est embêtant
D'être toujours patraque,
Ah! bon Dieu! qu'c'est embêtant
Je n'suis pas bien...
portantp
40%
Pour tâcher d'guérir au plus vite,
Un matin tout dernièrement
Je suis allé à la visite Voir le major du...
régimentr
40%
J'ai le ventre
Qui se...
rentrer
40%
Et du coup
Voyez-...
vousv
40%
La poitrine
Qui s'...
débined
20%
Et les grosses
Qui s'...
déchaussentd
20%
J'ai l'sternum
Qui s'...
dégommed
20%
Et l'coccyx
Qui s'...
dévissed
20%
Les sourcils
Qui s'
épilenté
20%
Les guiboles
Qui...
flageolentf
20%
La luette
Trop...
fluettef
20%
Et je m'fais un mauvais sang...fouf
20%
J'ai les p'tites
Qui s'...
irritenti
20%
Et le gauche
Qu'est bien...
mochem
20%
Mais les dents
C'est...
navrantn
20%
Les rotules
Qui...
ondulento
20%
Les orteils
Pas...
pareilsp
20%
Depuis que je suis sur la terre,
C'n'est pas rigolo. Entre nous,
Je suis d'une santé...
précairep
20%
Et l'bassin
Qu'est pas...
sains
20%
J'ai aussi
Quel...
soucis
20%
J'ai les ch'villes
Qui s'...
tortillentt
20%
Et puis j'ai
Ajouté
Voyez-vous
C'n'est pas...
toutt
20%
J'ai l'nombril
Tout en ...
vrillev
20%
J'ai l'gésier...anémiéa
0%
J'suis forcé
D'm'
arrêter.a
0%
J'ai le nez
Tout...
bouchéb
0%
L'occiput
Qui...
chahutec
0%
J'ai beau vouloir me remonter
Je souffre de tous les
côtésc
0%
L'trou du cou
Qui s'...
découdd
0%
J'ai les cils
Qui s'...
défilentd
0%
J'ai les hanches
Qui s'...
démanchentd
0%
L'abdomen
Qui s'...
démèned
0%
Les gencives
Qui...
dériventd
0%
J'ai l'thorax
Qui s'...
désaxed
0%
J'ai les coudes
Qui s'...
dessoudent
0%
L'épigastre
Qui s'...
encastree
0%
Les épaules
Qui se ...
frôlentf
0%
J'ai le cœur
En...
largeurl
0%
C'est vexant
Car ...
maint'nantm
0%
J'suis gêné
Pour...
parlerp
0%
Les artères
Trop...
pépèresp
0%
J'ai les cuisses
Qui s'...
raidissentr
0%
Les tibiasraplaplar
0%
Les canines
S'
ratatinentr
0%
D'où souffrez-vous? qu'il m'a demandé.
C'est bien simpl' que j'y ai...
répliquér
0%
Me voyant troublé, ell' me dit:
- Qu'avez vous? moi j'lui...
répondisr
0%
L'oesophage
Qui...
surnages
0%

Distribution des résultats

Percentile par nombre de réponses

% des personnes avec chaque résultat

Votre développement - résultats

Vous n’avez pas pris ce quiz